Central Library OPAC University of Rajshahi

Electric machinery : (Record no. 13270)

MARC details
000 -LEADER
fixed length control field 00937cam a2200277 a 4500
001 - CONTROL NUMBER
control field 13270
003 - CONTROL NUMBER IDENTIFIER
rucl marc code UkOxU
005 - DATE AND TIME OF LATEST TRANSACTION
control field 20211208235429.0
008 - FIXED-LENGTH DATA ELEMENTS--GENERAL INFORMATION
fixed length control field 140130s1961 nyua 001 0 eng d
035 ## - SYSTEM CONTROL NUMBER
System control number (BD-RjUL)
040 ## - CATALOGING SOURCE
Original cataloging agency WSU
Modifying agency m.c
-- BD-RjUL
Language of cataloging eng
Transcribing agency BD-RjUL
041 ## - LANGUAGE CODE
Language code of text/sound track or separate title eng
082 ## - DEWEY DECIMAL CLASSIFICATION NUMBER
Edition number 16
Classification number 621.313
Author mark and year FIE 1961
090 ## - LOCALLY ASSIGNED LC-TYPE CALL NUMBER (OCLC); LOCAL CALL NUMBER (OCLC)
Classification number (OCLC) (R) ; Classification number, CALL (RLIN) (NR) TK2181
Local cutter number (OCLC) ; Book number/undivided call number, CALL (RLIN) .F5 1961
100 1# - MAIN ENTRY--PERSONAL NAME
Personal name Fitzgerald, A. E.
Fuller form of name (Arthur Eugene),
Dates associated with a name 1909-
9 (RLIN) 38906
245 10 - TITLE STATEMENT
Title Electric machinery :
Remainder of title the dynamics and statics of electromechanical energy conversion /
Statement of responsibility, etc. A.E. Fitzgerald, Charles Kingsley, Jr.
250 ## - EDITION STATEMENT
Edition statement 2nd ed.
260 ## - PUBLICATION, DISTRIBUTION, ETC. (IMPRINT)
Place of publication, distribution, etc. New York ;
-- London :
Name of publisher, distributor, etc. McGraw-Hill,
Date of publication, distribution, etc. 1961.
300 ## - PHYSICAL DESCRIPTION
Pagination xii, 568 p. :
Illustrations ill. ;
Size 21 cm.
500 ## - GENERAL NOTE
General note Includes index.
650 #0 - SUBJECT ADDED ENTRY--TOPICAL TERM
Topical term or geographic name as entry element Electric machinery.
9 (RLIN) 41335
700 1# - ADDED ENTRY--PERSONAL NAME
Personal name Kingsley, Charles,
Dates associated with a name 1904-1994
830 #0 - SERIES ADDED ENTRY--UNIFORM TITLE
Uniform title McGraw-Hill electrical and electronic engineering series
942 ## - ADDED ENTRY ELEMENTS (KOHA)
Source of classification or shelving scheme Dewey Decimal Classification
Koha item type Books
Holdings
Lost status Source of classification or shelving scheme Damaged status Not for loan Collection code Permanent Location Current Location Shelving location Date acquired Source of acquisition Cost, normal purchase price Total Checkouts Full call number Date last seen Copy number Koha item type
  Dewey Decimal Classification   Not For Loan Non-fiction Central Library, University of Rajshahi Central Library, University of Rajshahi Reading Room 17/04/1964 zeringering 51.00   621.313 FIE 1961 30/01/2014 C-1 Books
  Dewey Decimal Classification     Non-fiction Central Library, University of Rajshahi Central Library, University of Rajshahi   17/04/1968 Zeitlinger 51.00   621.313 FIE 1961 28/09/2016 C-2 Books